[Event "Tradewise Gibraltar Masters 14th"]
[Site "Gibraltar"]
[Date "2016.01.29"]
[Round "4.10"]
[White "Wojtaszek, Radoslaw"]
[Black "Tregubov, Pavel V"]
[Result "1-0"]
[WhiteElo "2727"]
[BlackElo "2582"]
[PlyCount "121"]
[EventDate "2016.01.26"]
[EventType "swiss"]
[EventRounds "10"]
[EventCountry "GGB"]
[Source "www.saund.co.uk"]
[SourceDate "2005.02.07"]

1. d4 Nf6 2. c4 e6 3. Nc3 Bb4 4. Qc2 Nc6 5. Nf3 d6 6. Bd2 O-O 7. a3 Bxc3 8.
Bxc3 Qe7 9. e3 e5 10. d5 Nb8 11. Nd2 a5 12. b3 Nbd7 13. Be2 b5 14. e4 bxc4 15.
Nxc4 Nc5 16. Nd2 Ba6 17. Bxa6 Rxa6 18. b4 axb4 19. axb4 Rxa1+ 20. Bxa1 Na6 21.
O-O Ra8 22. Bc3 Nb8 23. Nc4 Qd7 24. Bd2 Qa4 25. Qxa4 Rxa4 26. f3 Kf8 27. Kf2
Ke7 28. Na5 Na6 29. Nc6+ Ke8 30. Ke2 Nd7 31. Rc1 f6 32. Kd3 Nb6 33. Kc3 Ra2 34.
Rd1 Ra3+ 35. Kc2 Kd7 36. Bc1 Ra2+ 37. Kb3 Rxg2 38. Be3 Re2 39. Bg1 Kc8 40. Ra1
Kb7 41. Nd8+ Kc8 42. Ne6 Kb7 43. Nxg7 Rd2 44. Kc3 Rg2 45. Nf5 Nb8 46. h4 N8d7
47. Be3 Kc8 48. h5 Rh2 49. h6 Rg2 50. Kd3 Kb7 51. Ne7 Nb8 52. Rc1 Na6 53. Nc6
Rb2 54. Na5+ Kb8 55. Bxb6 cxb6 56. Nc6+ Kb7 57. Rg1 Rb3+ 58. Kc2 Rxf3 59. Rg7+
Nc7 60. Rxh7 Rh3 61. b5 1-0

[Event "Tradewise Gibraltar Masters 14th"]
[Site "Gibraltar"]
[Date "2016.01.29"]
[Round "4.11"]
[White "Ni Hua"]
[Black "Donchenko, Alexander"]
[Result "1/2-1/2"]
[WhiteElo "2697"]
[BlackElo "2570"]
[PlyCount "77"]
[EventDate "2016.01.26"]
[EventType "swiss"]
[EventRounds "10"]
[EventCountry "GGB"]
[Source "www.saund.co.uk"]
[SourceDate "2005.02.07"]

1. d4 Nf6 2. c4 e6 3. g3 c5 4. d5 exd5 5. cxd5 d6 6. Nc3 g6 7. Nf3 Bg7 8. Bg2
O-O 9. O-O Re8 10. Re1 Nbd7 11. Bf4 Ng4 12. h3 Nge5 13. Ne4 Nf6 14. Bg5 h6 15.
Bxf6 Bxf6 16. Nxf6+ Qxf6 17. Nxe5 Qxe5 18. Qd2 Qg5 19. e3 Bf5 20. Rad1 Bd7 21.
Kh2 f5 22. h4 Qf6 23. e4 Kg7 24. Bh3 Rad8 25. exf5 Bxf5 26. Bxf5 Qxf5 27. Kg1
b6 28. Qc3+ Qf6 29. Qa3 Rxe1+ 30. Rxe1 Rf8 31. Re2 Rf7 32. Qd3 Re7 33. Rxe7+
Qxe7 34. a4 Qe5 35. Qa6 Qe1+ 36. Kg2 Qe4+ 37. Kg1 Qe1+ 38. Kg2 Qe4+ 39. Kg1
1/2-1/2

[Event "Tradewise Gibraltar Masters 14th"]
[Site "Gibraltar"]
[Date "2016.01.29"]
[Round "4.12"]
[White "Muzychuk, Mariya"]
[Black "Howell, David"]
[Result "1/2-1/2"]
[WhiteElo "2554"]
[BlackElo "2685"]
[PlyCount "60"]
[EventDate "2016.01.26"]
[EventType "swiss"]
[EventRounds "10"]
[EventCountry "GGB"]
[Source "www.saund.co.uk"]
[SourceDate "2005.02.07"]

1. e4 e5 2. Nf3 Nc6 3. Nc3 Nf6 4. d4 exd4 5. Nxd4 Bb4 6. Nxc6 bxc6 7. Bd3 O-O
8. O-O Re8 9. Re1 d6 10. Bg5 h6 11. Bh4 g5 12. Bg3 Ng4 13. e5 Nxe5 14. Bxe5
dxe5 15. Rxe5 Bxc3 16. bxc3 Bd7 17. Rxe8+ Qxe8 18. Qd2 Qe5 19. Re1 Qf6 20. f4
gxf4 21. Rf1 Be6 22. Rxf4 Qg5 23. Qf2 Rb8 24. h4 Qe5 25. Qd4 Rb1+ 26. Kh2 Qxd4
27. Rxd4 Ra1 28. Bc4 Bxc4 29. Rxc4 Rxa2 30. Rxc6 Kg7 1/2-1/2

[Event "Tradewise Gibraltar Masters 14th"]
[Site "Gibraltar"]
[Date "2016.01.29"]
[Round "4.13"]
[White "Almasi, Zoltan"]
[Black "Lalith, Babu M R"]
[Result "1-0"]
[WhiteElo "2684"]
[BlackElo "2553"]
[PlyCount "93"]
[EventDate "2016.01.26"]
[EventType "swiss"]
[EventRounds "10"]
[EventCountry "GGB"]
[Source "www.saund.co.uk"]
[SourceDate "2005.02.07"]

1. Nf3 Nf6 2. g3 d5 3. Bg2 e6 4. c4 Be7 5. O-O O-O 6. d4 c6 7. Qc2 b6 8. Nbd2
Bb7 9. e4 Na6 10. e5 Nd7 11. a3 Nc7 12. Rd1 Rc8 13. b4 c5 14. dxc5 bxc5 15. b5
Rb8 16. a4 f6 17. Bb2 fxe5 18. Nxe5 Nxe5 19. Bxe5 Bf6 20. Re1 Bxe5 21. Rxe5
dxc4 22. Nxc4 Qd4 23. Ree1 Bxg2 24. Kxg2 Nd5 25. Rad1 Qg4 26. Ne5 Qh5 27. Rc1
Rf6 28. Qe2 Qf5 29. Rxc5 Rh6 30. Ng4 Rg6 31. Qe5 Qf8 32. Rc4 Rd8 33. h4 Qe7 34.
Ree4 Rf8 35. h5 Rg5 36. Qxe6+ Qxe6 37. Rxe6 Rxh5 38. Ra6 Rg5 39. Rxa7 h5 40.
Ne3 Nf4+ 41. Rxf4 Rxf4 42. b6 Rb4 43. b7 Kh7 44. a5 h4 45. g4 Rgb5 46. a6 Rf4
47. Ra8 1-0

[Event "Tradewise Gibraltar Masters 14th"]
[Site "Gibraltar"]
[Date "2016.01.29"]
[Round "4.14"]
[White "Bruzon Batista, Lazaro"]
[Black "Handke, Florian"]
[Result "1-0"]
[WhiteElo "2666"]
[BlackElo "2533"]
[PlyCount "89"]
[EventDate "2016.01.26"]
[EventType "swiss"]
[EventRounds "10"]
[EventCountry "GGB"]
[Source "www.saund.co.uk"]
[SourceDate "2005.02.07"]

1. d4 Nf6 2. c4 g6 3. Nc3 d5 4. Nf3 Bg7 5. Qb3 dxc4 6. Qxc4 O-O 7. e4 a6 8. Be2
b5 9. Qb3 c5 10. dxc5 Be6 11. Qc2 Nbd7 12. Be3 Rc8 13. Rd1 b4 14. Nd5 Bxd5 15.
exd5 Nxc5 16. O-O Qd6 17. Rc1 Qb8 18. Rfd1 Nce4 19. Qd3 Rxc1 20. Rxc1 Qd6 21.
Rc4 Rd8 22. g3 a5 23. Bf4 Qa6 24. Ne5 Nd6 25. Rc5 Qxd3 26. Bxd3 g5 27. Nc6 Nde4
28. Rxa5 Rd7 29. Be3 Bf8 30. Nxb4 e6 31. dxe6 fxe6 32. Bxe4 Nxe4 33. Re5 Nd2
34. Rxg5+ Kf7 35. Nc6 Bg7 36. Rb5 Nc4 37. b4 Nxe3 38. fxe3 Rd1+ 39. Kf2 Rd2+
40. Kf3 Rxa2 41. h4 Rb2 42. Rb7+ Kf6 43. Nd8 Bh6 44. Rxh7 Kg6 45. Re7 1-0

[Event "Tradewise Gibraltar Masters 14th"]
[Site "Gibraltar"]
[Date "2016.01.29"]
[Round "4.15"]
[White "Stefanova, Antoaneta"]
[Black "Kamsky, Gata"]
[Result "1/2-1/2"]
[WhiteElo "2515"]
[BlackElo "2665"]
[PlyCount "64"]
[EventDate "2016.01.26"]
[EventType "swiss"]
[EventRounds "10"]
[EventCountry "GGB"]
[Source "www.saund.co.uk"]
[SourceDate "2005.02.07"]

1. Nf3 d5 2. g3 Nf6 3. Bg2 c6 4. O-O Bf5 5. d3 h6 6. c4 dxc4 7. dxc4 Qxd1 8.
Rxd1 Nbd7 9. b4 e6 10. b5 Rc8 11. bxc6 bxc6 12. Nc3 Bb4 13. Bd2 O-O 14. Nd4 Ne5
15. Nxf5 exf5 16. Nd5 Nxd5 17. cxd5 Bxd2 18. Rxd2 cxd5 19. Bxd5 Rc7 20. Rad1 g6
21. Bb3 Re8 22. Rd8 Rxd8 23. Rxd8+ Kg7 24. h3 Nd7 25. Kg2 Nc5 26. Bd5 Na4 27.
Bb3 Nc3 28. Kf3 a5 29. Ra8 a4 30. Bxa4 Nxa2 31. Rd8 Nc3 32. Rd7 Rxd7 1/2-1/2

[Event "Tradewise Gibraltar Masters 14th"]
[Site "Gibraltar"]
[Date "2016.01.29"]
[Round "4.16"]
[White "Duda, Jan-Krzysztof"]
[Black "Gopal, Geetha Narayanan"]
[Result "1/2-1/2"]
[WhiteElo "2660"]
[BlackElo "2525"]
[PlyCount "65"]
[EventDate "2016.01.26"]
[EventType "swiss"]
[EventRounds "10"]
[EventCountry "GGB"]
[Source "www.saund.co.uk"]
[SourceDate "2005.02.07"]

1. d4 Nf6 2. c4 g6 3. g3 c6 4. Bg2 d5 5. e3 Bg7 6. Ne2 O-O 7. O-O b6 8. b3 a5
9. Nd2 Bb7 10. Qc2 Nbd7 11. Ba3 Re8 12. Rfd1 e6 13. Rac1 Rc8 14. Nc3 b5 15. Bb2
b4 16. Na4 c5 17. dxc5 Nxc5 18. Bxf6 Bxf6 19. Nxc5 Rxc5 20. Ne4 Rc7 21. Nxf6+
Qxf6 22. Qb1 Rec8 23. cxd5 Rxc1 24. Rxc1 Rxc1+ 25. Qxc1 Bxd5 26. Bxd5 exd5 27.
Qd1 Qb2 28. Qxd5 Qxa2 29. Qd8+ Kg7 30. Qd4+ Kg8 31. Qd8+ Kg7 32. Qd4+ Kg8 33.
Qd8+ 1/2-1/2

[Event "Tradewise Gibraltar Masters 14th"]
[Site "Gibraltar"]
[Date "2016.01.29"]
[Round "4.17"]
[White "Pogonina, Natalija"]
[Black "Ganguly, Surya Shekhar"]
[Result "1/2-1/2"]
[WhiteElo "2454"]
[BlackElo "2660"]
[PlyCount "69"]
[EventDate "2016.01.26"]
[EventType "swiss"]
[EventRounds "10"]
[EventCountry "GGB"]
[Source "www.saund.co.uk"]
[SourceDate "2005.02.07"]

1. e4 c5 2. Nf3 e6 3. d4 cxd4 4. Nxd4 Nc6 5. Nc3 d6 6. Be2 Nf6 7. O-O Be7 8.
Kh1 O-O 9. f4 a6 10. Be3 Bd7 11. Qe1 Nxd4 12. Bxd4 Bc6 13. Qg3 g6 14. Bd3 b5
15. a3 a5 16. Qe3 Rb8 17. Qe2 b4 18. Nd1 bxa3 19. bxa3 Nd7 20. f5 Bf6 21. Bxf6
Qxf6 22. Ne3 Ne5 23. Ng4 Nxg4 24. Qxg4 Qe5 25. Rae1 Rb2 26. Qh4 Ba4 27. Qh6 Qg7
28. Qd2 Qe5 29. f6 Kh8 30. Qh6 Rg8 31. Rf3 Qh5 32. Qc1 Qe5 33. Qh6 Qh5 34. Qc1
Qe5 35. Qh6 1/2-1/2

[Event "Tradewise Gibraltar Masters 14th"]
[Site "Gibraltar"]
[Date "2016.01.29"]
[Round "4.18"]
[White "Anton Guijarro, David"]
[Black "Gledura, Benjamin"]
[Result "1/2-1/2"]
[WhiteElo "2639"]
[BlackElo "2515"]
[PlyCount "71"]
[EventDate "2016.01.26"]
[EventType "swiss"]
[EventRounds "10"]
[EventCountry "GGB"]
[Source "www.saund.co.uk"]
[SourceDate "2005.02.07"]

1. e4 e5 2. Nf3 Nc6 3. Bb5 a6 4. Ba4 Nf6 5. O-O Be7 6. d3 b5 7. Bb3 d6 8. a3
O-O 9. Nc3 Nb8 10. a4 b4 11. Nd5 Nxd5 12. Bxd5 c6 13. Ba2 Nd7 14. d4 a5 15. Re1
Ba6 16. c3 Rb8 17. Be3 Qc7 18. Rc1 bxc3 19. bxc3 Nb6 20. c4 Nd7 21. Qc2 exd4
22. Bxd4 c5 23. Bc3 Bf6 24. Bxf6 Nxf6 25. e5 dxe5 26. Nxe5 Rfe8 27. Qc3 Re7 28.
Re3 Rbe8 29. Rce1 Qb6 30. h3 Bb7 31. Bb1 Qc7 32. Bc2 Ba8 33. Ng4 Ne4 34. Bxe4
Rxe4 35. Rxe4 Bxe4 36. Ne3 1/2-1/2

[Event "Tradewise Gibraltar Masters 14th"]
[Site "Gibraltar"]
[Date "2016.01.29"]
[Round "4.19"]
[White "Grandelius, Nils"]
[Black "Sundararajan, Kidambi"]
[Result "1-0"]
[WhiteElo "2635"]
[BlackElo "2508"]
[PlyCount "123"]
[EventDate "2016.01.26"]
[EventType "swiss"]
[EventRounds "10"]
[EventCountry "GGB"]
[Source "www.saund.co.uk"]
[SourceDate "2005.02.07"]

1. e4 e6 2. d4 d5 3. Nd2 c5 4. Ngf3 Nc6 5. exd5 exd5 6. Bb5 Qe7+ 7. Be2 cxd4 8.
O-O Qc7 9. Nb3 Nf6 10. Nbxd4 Be7 11. Nb5 Qd8 12. c3 O-O 13. Qc2 Bg4 14. Be3 Qc8
15. Rad1 Bf5 16. Qc1 Rd8 17. Rfe1 Be4 18. Nd2 a6 19. Nxe4 Nxe4 20. Nd4 Bf6 21.
Nb3 Be5 22. Bf3 Qc7 23. g3 Na5 24. Qc2 Nc4 25. Bxe4 dxe4 26. Rxd8+ Rxd8 27.
Qxe4 Nxb2 28. Nc5 g6 29. Nxb7 Rd1 30. Rxd1 Nxd1 31. Nc5 Nxc3 32. Qa8+ Qb8 33.
Qxa6 Qb1+ 34. Kg2 Qxa2 35. Qc8+ Kg7 36. Nd7 Qd5+ 37. Kh3 Qd6 38. Bc5 Qe6+ 39.
g4 Kh6 40. Be3+ g5 41. Qg8 Bf6 42. Nxf6 Qxf6 43. f4 gxf4 44. Bc5 Qg6 45. Qd8 f6
46. Bf8+ Kg5 47. Qa5+ f5 48. Qd8+ Qf6 49. Be7 fxg4+ 50. Kg2 f3+ 51. Kf1 Ne4 52.
Bxf6+ Nxf6 53. Kf2 Kf5 54. Ke3 h5 55. Qa5+ Ke6 56. Kd4 h4 57. Qa2+ Kf5 58. Qc2+
Ke6 59. h3 gxh3 60. Qb3+ Ke7 61. Qxf3 h2 62. Qe2+ 1-0

[Event "Tradewise Gibraltar Masters 14th"]
[Site "Gibraltar"]
[Date "2016.01.29"]
[Round "4.20"]
[White "Jones, Gawain C B"]
[Black "Khotenashvili, Bela"]
[Result "1-0"]
[WhiteElo "2625"]
[BlackElo "2502"]
[PlyCount "109"]
[EventDate "2016.01.26"]
[EventType "swiss"]
[EventRounds "10"]
[EventCountry "GGB"]
[Source "www.saund.co.uk"]
[SourceDate "2005.02.07"]

1. e4 c6 2. d4 d5 3. Nc3 dxe4 4. Nxe4 Bf5 5. Ng3 Bg6 6. h4 h6 7. Nf3 Nd7 8. h5
Bh7 9. Bd3 Bxd3 10. Qxd3 e6 11. Bd2 Ngf6 12. O-O-O Qc7 13. Ne4 O-O-O 14. g3
Nxe4 15. Qxe4 Nf6 16. Qe2 Bd6 17. Ne5 Bxe5 18. dxe5 Nd5 19. c4 Ne7 20. Bc3 c5
21. Qe4 Rxd1+ 22. Rxd1 Rd8 23. Re1 Nf5 24. g4 Nd4 25. b3 Qe7 26. f4 Qh4 27. Qg2
Rd7 28. Kb2 Nc6 29. Rh1 Qd8 30. Qf2 b6 31. a3 a5 32. Rh3 Kc7 33. Qe2 Nd4 34.
Qe4 Nc6 35. Rh2 Rd1 36. Kc2 Rd7 37. Qe3 Nd4+ 38. Kb2 a4 39. bxa4 Qa8 40. Rd2
Qxa4 41. Bxd4 cxd4 42. Rxd4 Rxd4 43. Qxd4 Qc6 44. Kb3 Qh1 45. Qd2 Kb7 46. Qd7+
Ka6 47. Qd3 Ka5 48. f5 Qg1 49. Qe4 Qg3+ 50. Kc2 b5 51. c5 Qf2+ 52. Kd1 Qxc5 53.
Qb4+ Qxb4 54. axb4+ Kxb4 55. g5 1-0

[Event "Tradewise Gibraltar Masters 14th"]
[Site "Gibraltar"]
[Date "2016.01.29"]
[Round "4.21"]
[White "Edouard, Romain"]
[Black "Tan, Zhongyi"]
[Result "1-0"]
[WhiteElo "2617"]
[BlackElo "2504"]
[PlyCount "87"]
[EventDate "2016.01.26"]
[EventType "swiss"]
[EventRounds "10"]
[EventCountry "GGB"]
[Source "www.saund.co.uk"]
[SourceDate "2005.02.07"]

1. Nf3 d5 2. d4 Nf6 3. c4 e6 4. Nc3 Bb4 5. cxd5 exd5 6. Bg5 Nbd7 7. Qc2 c5 8.
g3 Qb6 9. a3 Bxc3+ 10. Qxc3 Ne4 11. dxc5 Qg6 12. Qe3 Ndxc5 13. Bg2 Ne6 14. Bf4
Nxf4 15. Qxf4 O-O 16. Qe3 Nf6 17. O-O Re8 18. Qd2 Bd7 19. Rac1 Rac8 20. Rxc8
Rxc8 21. Ne5 Qc2 22. Qxc2 Rxc2 23. Nxd7 Nxd7 24. Bxd5 b6 25. Rd1 Nf8 26. e4
Rxb2 27. Rc1 a5 28. Rc7 Ne6 29. Rc8+ Nf8 30. f4 g6 31. g4 Rb5 32. f5 gxf5 33.
gxf5 Rc5 34. Re8 Rc7 35. a4 Rd7 36. Kf2 Rd6 37. Ke3 Kg7 38. Kd4 f6 39. e5 fxe5+
40. Kxe5 Rh6 41. f6+ Rxf6 42. Re7+ Kg6 43. Be4+ Kg5 44. h4+ 1-0

[Event "Tradewise Gibraltar Masters 14th"]
[Site "Gibraltar"]
[Date "2016.01.29"]
[Round "4.22"]
[White "Gupta, Abhijeet"]
[Black "Anurag, Mhamal"]
[Result "1-0"]
[WhiteElo "2613"]
[BlackElo "2387"]
[PlyCount "95"]
[EventDate "2016.01.26"]
[EventType "swiss"]
[EventRounds "10"]
[EventCountry "GGB"]
[Source "www.saund.co.uk"]
[SourceDate "2005.02.07"]

1. d4 d5 2. c4 c6 3. Nf3 Nf6 4. Nc3 a6 5. g3 dxc4 6. a4 e6 7. Bg5 Bb4 8. Bg2
Nbd7 9. O-O h6 10. Bxf6 Qxf6 11. a5 O-O 12. Qa4 Qe7 13. Rfd1 Rb8 14. Qa2 c5 15.
d5 Bxc3 16. d6 Qf6 17. bxc3 b5 18. axb6 Qxc3 19. Nd2 Nxb6 20. Rab1 Bd7 21. Ne4
Qe5 22. Qxa6 Nd5 23. Qxc4 Rb4 24. f4 Qxf4 25. Qxc5 Rxb1 26. Rxb1 Qe5 27. Bf3
Ra8 28. Nf2 Re8 29. Nd3 Qg5 30. Qa7 Nc3 31. Qxd7 Rd8 32. Qb7 Nxb1 33. Qxb1 Rxd6
34. Kg2 Rd8 35. h4 Qe3 36. h5 Qd4 37. Qb5 Qe3 38. Ne5 Qg5 39. Qb6 Rd1 40. Qc7
Qf6 41. Nd7 Rxd7 42. Qxd7 g6 43. hxg6 Qxg6 44. Qd8+ Kg7 45. Qd4+ Kg8 46. Qg4
Kg7 47. Qxg6+ Kxg6 48. g4 1-0

[Event "Tradewise Gibraltar Masters 14th"]
[Site "Gibraltar"]
[Date "2016.01.29"]
[Round "4.23"]
[White "Santos Ruiz, Miguel"]
[Black "Li Chao B"]
[Result "0-1"]
[WhiteElo "2427"]
[BlackElo "2751"]
[PlyCount "82"]
[EventDate "2016.01.26"]
[EventType "swiss"]
[EventRounds "10"]
[EventCountry "GGB"]
[Source "www.saund.co.uk"]
[SourceDate "2005.02.07"]

1. e4 c5 2. Nf3 Nc6 3. Nc3 g6 4. Bb5 Bg7 5. O-O e5 6. Bc4 d6 7. d3 h6 8. Nd5
Nge7 9. c3 O-O 10. Be3 Kh7 11. d4 Nxd5 12. Bxd5 cxd4 13. cxd4 Bg4 14. Bxc6 bxc6
15. dxe5 Bxe5 16. h3 Bxf3 17. Qxf3 Bxb2 18. Rab1 Bg7 19. Rb7 Qe8 20. Bxa7 c5
21. Rfb1 Qe6 22. a4 Qa2 23. Qb3 Qxb3 24. R1xb3 c4 25. R3b4 c3 26. Rc4 Rfc8 27.
Rbc7 Rxc7 28. Rxc7 Rxa7 29. Rxa7 Bd4 30. Rc7 Bc5 31. Rxf7+ Kg8 32. Rf3 Bb4 33.
Rxc3 Bxc3 34. Kf1 g5 35. Ke2 Kf7 36. Kd3 Be1 37. f3 Ke6 38. Kc4 h5 39. Kb5 d5
40. exd5+ Kxd5 41. a5 h4 0-1

[Event "Tradewise Gibraltar Masters 14th"]
[Site "Gibraltar"]
[Date "2016.01.29"]
[Round "4.24"]
[White "Fressinet, Laurent"]
[Black "Neef, Maximilian"]
[Result "1-0"]
[WhiteElo "2700"]
[BlackElo "2423"]
[PlyCount "177"]
[EventDate "2016.01.26"]
[EventType "swiss"]
[EventRounds "10"]
[EventCountry "GGB"]
[Source "www.saund.co.uk"]
[SourceDate "2005.02.07"]

1. Nf3 Nf6 2. g3 g6 3. Bg2 Bg7 4. c4 O-O 5. O-O d6 6. d4 Nc6 7. Nc3 a6 8. Bf4
Rb8 9. c5 Bd7 10. d5 Na7 11. cxd6 cxd6 12. Nd4 Qb6 13. Nb3 Nb5 14. Na4 Qd8 15.
Rc1 Na7 16. Nc3 Nb5 17. Nxb5 Bxb5 18. Qd2 Qd7 19. Na5 Rfc8 20. b3 Rxc1 21. Rxc1
Rc8 22. Bf3 Qf5 23. a4 Bd7 24. Nc4 Qh3 25. Ne3 Rxc1+ 26. Qxc1 Ne8 27. Qc2 Bf6
28. Nc4 Bf5 29. Qc1 Bg4 30. Bg2 Qh5 31. e4 Bd4 32. Qd2 Bc5 33. b4 Ba7 34. Be3
Bxe3 35. Qxe3 Bd7 36. Bf3 Bg4 37. Bg2 Bd7 38. Bf3 Bg4 39. Bxg4 Qxg4 40. Qd3 Nf6
41. f3 Qd7 42. Qc2 Qc7 43. Ne3 Qd7 44. Kg2 h5 45. h3 Kh7 46. g4 hxg4 47. hxg4
Kg8 48. Kg3 Kh7 49. f4 e6 50. Kf3 exd5 51. exd5 Qd8 52. Qb2 Nd7 53. g5 f5 54.
Nc4 Qc7 55. Qe2 Nf8 56. a5 Kg8 57. Ke3 Qe7+ 58. Kd3 Kf7 59. Qf3 Ke8 60. Kc2 Kd8
61. Kb3 Nd7 62. Qd3 Kc7 63. Qc3 Kd8 64. Ka3 Qe4 65. Nxd6 Qxd5 66. Qh8+ Ke7 67.
Nc8+ Kf7 68. Qh7+ Kf8 69. Qe7+ Kg8 70. Qe8+ Kg7 71. Qxg6+ Kxg6 72. Ne7+ Kf7 73.
Nxd5 Nf8 74. Kb3 Ke6 75. Kc4 Kd6 76. Ne3 Ke6 77. Kc5 Nd7+ 78. Kd4 Nf8 79. Ng2
Kd6 80. Nh4 Ne6+ 81. Kc4 Nxf4 82. g6 Ke6 83. g7 Kf7 84. Nxf5 Ng6 85. Kd4 Nf4
86. Nd6+ Kxg7 87. Nxb7 Ne6+ 88. Kd5 Nf4+ 89. Kc4 1-0

[Event "Tradewise Gibraltar Masters 14th"]
[Site "Gibraltar"]
[Date "2016.01.29"]
[Round "4.25"]
[White "Nezad, Husein Aziz"]
[Black "Naiditsch, Arkadij"]
[Result "1/2-1/2"]
[WhiteElo "2422"]
[BlackElo "2696"]
[PlyCount "110"]
[EventDate "2016.01.26"]
[EventType "swiss"]
[EventRounds "10"]
[EventCountry "GGB"]
[Source "www.saund.co.uk"]
[SourceDate "2005.02.07"]

1. d4 Nf6 2. c4 g6 3. Nc3 d5 4. Bg5 Ne4 5. Bh4 Nxc3 6. bxc3 dxc4 7. e3 Be6 8.
Be2 Nd7 9. Nf3 Bg7 10. O-O Nb6 11. a4 a5 12. Nd2 O-O 13. Bf3 Ra7 14. Qc1 h6 15.
Qa3 Nc8 16. e4 Nd6 17. Rfe1 b6 18. Bg3 h5 19. h3 Bd7 20. Qa2 c5 21. Nxc4 cxd4
22. cxd4 Nxc4 23. Qxc4 Be6 24. d5 Bxa1 25. Rxa1 Bd7 26. e5 b5 27. Qd4 Rc7 28.
axb5 Bxb5 29. Qd2 a4 30. Bxh5 e6 31. Bf3 exd5 32. Qh6 Rc6 33. Bh4 g5 34. Qxg5+
Qxg5 35. Bxg5 Re8 36. Bf6 Rec8 37. Kh2 Rc1 38. Ra3 d4 39. e6 R8c3 40. Ra2 R3c2
41. Bd5 fxe6 42. Bxe6+ Kf8 43. Rxc2 Rxc2 44. Bxd4 a3 45. h4 a2 46. h5 Rd2 47.
Bc3 Rxf2 48. h6 Bd3 49. Bg7+ Ke7 50. Kg3 Rd2 51. Bg8 Be4 52. Kf4 Bb1 53. g4 Rh2
54. Kg3 Rxh6 55. Bxa2 Bxa2 1/2-1/2

[Event "Tradewise Gibraltar Masters 14th"]
[Site "Gibraltar"]
[Date "2016.01.29"]
[Round "4.27"]
[White "Holm, Kristian Stuvik"]
[Black "Vidit, Santosh Gujrathi"]
[Result "0-1"]
[WhiteElo "2417"]
[BlackElo "2642"]
[PlyCount "76"]
[EventDate "2016.01.26"]
[EventType "swiss"]
[EventRounds "10"]
[EventCountry "GGB"]
[Source "www.saund.co.uk"]
[SourceDate "2005.02.07"]

1. d4 d5 2. c4 e6 3. Nf3 Nf6 4. Nc3 Bb4 5. Qa4+ Nc6 6. e3 O-O 7. Bd2 dxc4 8.
Bxc4 Bd6 9. Qc2 e5 10. dxe5 Nxe5 11. Nxe5 Bxe5 12. Bd3 Qe7 13. O-O-O Rd8 14.
Kb1 h6 15. e4 b6 16. f4 Bxc3 17. Bxc3 Bb7 18. Bxf6 gxf6 19. e5 fxe5 20. fxe5
Qxe5 21. Rhe1 Qxh2 22. Qf2 Qh5 23. Qg3+ Kf8 24. Qxc7 Be4 25. Qc3 Kg8 26. Ka1
Rac8 27. Qxc8 Rxc8 28. Bxe4 a5 29. Bf3 Qg5 30. Kb1 Rc4 31. Re2 h5 32. a3 h4 33.
Bd5 Rf4 34. Red2 b5 35. Ka2 Kg7 36. Rc2 Qe5 37. Rdd2 Rf1 38. Bf3 h3 0-1

[Event "Tradewise Gibraltar Masters 14th"]
[Site "Gibraltar"]
[Date "2016.01.29"]
[Round "4.28"]
[White "Teran Alvarez, Ismael"]
[Black "Salem, AR Saleh"]
[Result "0-1"]
[WhiteElo "2416"]
[BlackElo "2627"]
[PlyCount "48"]
[EventDate "2016.01.26"]
[EventType "swiss"]
[EventRounds "10"]
[EventCountry "GGB"]
[Source "www.saund.co.uk"]
[SourceDate "2005.02.07"]

1. e4 c5 2. Nc3 d6 3. f4 g6 4. Nf3 Bg7 5. Bb5+ Bd7 6. Bxd7+ Qxd7 7. O-O Nc6 8.
d3 f5 9. Qe2 Nd4 10. Nxd4 cxd4 11. Nd1 Nh6 12. c3 Qb5 13. c4 Qc6 14. Nf2 b5 15.
b3 O-O 16. g4 bxc4 17. bxc4 Rab8 18. exf5 gxf5 19. g5 Nf7 20. Qe6 Kh8 21. Re1
Nd8 22. Qxe7 Ne6 23. g6 Rbe8 24. Qh4 Ng5 0-1

[Event "Tradewise Gibraltar Masters 14th"]
[Site "Gibraltar"]
[Date "2016.01.29"]
[Round "4.29"]
[White "Khademalsharieh, Sarasadat"]
[Black "Iturrizaga Bonelli, Eduardo"]
[Result "1/2-1/2"]
[WhiteElo "2392"]
[BlackElo "2624"]
[PlyCount "58"]
[EventDate "2016.01.26"]
[EventType "swiss"]
[EventRounds "10"]
[EventCountry "GGB"]
[Source "www.saund.co.uk"]
[SourceDate "2005.02.07"]

1. d4 Nf6 2. c4 b6 3. Nc3 Bb7 4. Qc2 d5 5. Bg5 e6 6. cxd5 exd5 7. e3 Be7 8. Bd3
Nbd7 9. Nf3 O-O 10. O-O c5 11. Rfd1 Ne4 12. Bf4 Ndf6 13. dxc5 Nxc5 14. Be5 g6
15. Bc4 dxc4 16. Rxd8 Rfxd8 17. Bd4 Nd3 18. Ne5 Nf4 19. f3 Ne6 20. Rd1 Nxd4 21.
exd4 Rac8 22. Qe2 Bf8 23. Ne4 Nxe4 24. fxe4 Bg7 25. Nf3 b5 26. d5 a6 27. d6 Rd7
28. e5 Re8 29. h4 h5 1/2-1/2

[Event "Tradewise Gibraltar Masters 14th"]
[Site "Gibraltar"]
[Date "2016.01.29"]
[Round "4.30"]
[White "Hauge, Lars Oskar"]
[Black "Erdos, Viktor"]
[Result "1/2-1/2"]
[WhiteElo "2388"]
[BlackElo "2613"]
[PlyCount "58"]
[EventDate "2016.01.26"]
[EventType "swiss"]
[EventRounds "10"]
[EventCountry "GGB"]
[Source "www.saund.co.uk"]
[SourceDate "2005.02.07"]

1. e4 e5 2. Nf3 Nc6 3. Bb5 a6 4. Ba4 Nf6 5. O-O Be7 6. d3 d6 7. c3 O-O 8. Nbd2
Re8 9. Re1 Bf8 10. h3 b5 11. Bc2 d5 12. d4 Bb7 13. exd5 Qxd5 14. Bb3 Qd6 15.
Ng5 Nd8 16. Nde4 Nxe4 17. Nxe4 Qd7 18. d5 c5 19. c4 f5 20. Ng3 Nf7 21. f4 g6
22. a4 Bd6 23. Ne2 Qc7 24. axb5 exf4 25. b6 Qxb6 26. Ba4 Re4 27. b3 Be5 28. Bd2
Qf6 29. Rc1 Nd6 {Both scoresheets illegible hereafter.} 1/2-1/2

[Event "Tradewise Gibraltar Masters 14th"]
[Site "Gibraltar"]
[Date "2016.01.29"]
[Round "4.31"]
[White "Bachmann, Axel"]
[Black "Ben Artzi, Ido"]
[Result "1-0"]
[WhiteElo "2610"]
[BlackElo "2418"]
[PlyCount "91"]
[EventDate "2016.01.26"]
[EventType "swiss"]
[EventRounds "10"]
[EventCountry "GGB"]
[Source "www.saund.co.uk"]
[SourceDate "2005.02.07"]

1. Nf3 g6 2. c4 Bg7 3. Nc3 c5 4. g3 Nc6 5. Bg2 d6 6. O-O Bf5 7. a3 Qd7 8. d3
Bh3 9. Bd2 Bxg2 10. Kxg2 Nf6 11. Qa4 Nd4 12. Qxd7+ Nxd7 13. Nxd4 cxd4 14. Nb5
O-O 15. a4 a6 16. Nc7 Ra7 17. a5 Rc8 18. Nd5 Kf8 19. Rfb1 e6 20. Nb4 Bf6 21.
Nc2 d5 22. Na3 b6 23. Rc1 bxa5 24. cxd5 Rxc1 25. Rxc1 exd5 26. Bxa5 Rb7 27. b4
Ke7 28. Nb1 Nb8 29. Nd2 Kd6 30. Rc8 Nc6 31. Ra8 Nxb4 32. Nf3 h5 33. h3 Kd7 34.
g4 hxg4 35. hxg4 Rb5 36. Bxb4 Rxb4 37. Rxa6 Ke7 38. g5 Bg7 39. Ra8 f5 40. Ra6
Rb2 41. Rxg6 Kf7 42. Ra6 Rxe2 43. Nh4 Re6 44. Ra7+ Kg8 45. Nxf5 Be5 46. Kf3 1-0